LEADER 01945nam0 22004093i 450 001 RML0284311 005 20231121125732.0 010 $a9780559161766 100 $a20121121d1901 ||||0itac50 ba 101 | $aeng 102 $agb 181 1$6z01$ai $bxxxe 182 1$6z01$an 200 1 $aJuvenal$fedited, with introduction, notes on thirteen satires, and indices by Henry Parks Wright 210 $aBoston $cGinn $d1901 215 $aXLIV, 240 p.$d21 cm 225 | $aCollege series of latin authors$fedited by Clement Lawrence Smith and Tracy Peck 410 0$1001RMR0002230$12001 $aCollege series of latin authors$fedited by Clement Lawrence Smith and Tracy Peck$1702 1$aSmith$b, Clement Lawrence$3RMRV001478 500 10$aSatirae$3BVEE004661$9CFIV004507$917560 606 $aGiovenale, Decimo Giunio . Satirae$xCommenti$2FIR$3RMLC411677$9I 676 $a877.01$9Satira e umorismo latino. Periodo romano, fino al 499 ca.$v22 700 1$aIuvenalis$b, Decimus Iunius$3CFIV004507$4070$0439340 702 1$aWright$b, Henry Parks$3RMLV222980$4340 790 0$aJuvenal$3AQ1V000206$zIuvenalis, Decimus Iunius 790 1$aGiovenale$b, D. Giunio$3CFIV004508$zIuvenalis, Decimus Iunius 790 1$aGiovenale$b, Decimo Giunio$3CFIV030380$zIuvenalis, Decimus Iunius 790 0$aGiovenale$3CFIV046531$zIuvenalis, Decimus Iunius 790 1$aJuvenalis$b, Decimus Junius$3LO1V414495$zIuvenalis, Decimus Iunius 790 1$aJuvenalis$b, Decimus Iunius$3MILV125218$zIuvenalis, Decimus Iunius 801 3$aIT$bIT-01$c20121121 850 $aIT-FR0017 899 $aBiblioteca umanistica Giorgio Aprea$bFR0017 $eN 912 $aRML0284311 950 0$aBiblioteca umanistica Giorgio Aprea$d 52S.SIJ. LL2 Iuv.Par.$e 52FLS0000354065 VMB RS Rist. - Cofinanziamento prof. Pecere anno 2007.$fA $h20171013$i20171013 977 $a 52 996 $aSatirae$917560 997 $aUNICAS LEADER 01370nam0 22003133i 450 001 TO00558009 005 20231121125838.0 100 $a20180928d1944 ||||0itac50 ba 101 | $aita 102 $ait 181 1$6z01$ai $bxxxe 182 1$6z01$an 200 1 $aDio accessibile a tutti$eprova della sua esistenza che racchiude tutte le altre, da quella del moto locale fino a quella dei frutti della santitŕ$eil piů non viene dal meno$fp. Reginaldo Garrigou-Lagrange 210 $aRoma$cEdizioni liturgiche e missionarie$d1944 215 $a70 p.$d17 cm 606 $aDio$xEsistenza$2FIR$3RMLC191466$9I 676 $a211$9Concezioni di Dio$v22 700 1$aGarrigou-Lagrange$b, Réginald$3CFIV054143$4070$0261954 790 1$aGarrigou-Lagrange$b, P. Reginaldo$3BVEV260024$zGarrigou-Lagrange, Réginald 790 1$aGarrigou-Lagrange$b, R.$3BVEV283321$zGarrigou-Lagrange, Réginald 790 1$aGarrigou-Lagrange$b, Rég.$3BVEV283322$zGarrigou-Lagrange, Réginald 801 3$aIT$bIT-01$c20180928 850 $aIT-FR0017 899 $aBiblioteca umanistica Giorgio Aprea$bFR0017 912 $aTO00558009 950 0$aBiblioteca umanistica Giorgio Aprea$d 52DCB Gar.Dio.$e 52SBA0000246185 VMB RS $fA $h20180928$i20180928 977 $a 52 996 $aDio accessibile a tutti$93638066 997 $aUNICAS